MARC

Tag First Indicator Second Indicator Subfields
LEADER 00000cam a2200000 a 4500
001 in00000033175
005 20240304182134.0
008 880215s1984 nyu s 000 0 eng d
019 |a 14174771 
035 |a (OCoLC)ocm17473715  
035 |a (OCoLC)17473715  |z (OCoLC)14174771 
035 |a (OCoLC)ocm17473715  
040 |a EYR  |b eng  |c EYR  |d OCL  |d OCLCQ  |d OCLCF  |d OCLCO  |d OCLCQ  |d OCLCO  |d OCLCL 
043 |a n-us--- 
050 4 |a HF5415.3  |b .M34 1984 
110 2 |a Mediamark Research Inc. 
245 1 0 |a MRI Mediamark Research Inc. 
260 |a New York :  |b Mediamark Research,  |c 1984. 
300 |a 23 volumes ;  |c 28 cm 
336 |a text  |b txt  |2 rdacontent 
337 |a unmediated  |b n  |2 rdamedia 
338 |a volume  |b nc  |2 rdacarrier 
500 |a Cover title. 
500 |a Product summary volume issued in Fall. 
505 0 |a P1. Automobiles, motorcycles, trucks, driving -- P2. Automotive products -- P3. Beer, wine, soft drinks -- P4. Liquor, mixers -- P5. Travel, credit cards, real estate -- P6. Banking, investments, insurance -- P7. Adults & men's toiletries -- P8. Women's toiletries & cosmetics -- P9. Remedies --P10. Ailments, health care, drug products -- P11. Tobacco, candy, shopping --P12. Sports, apparel, sewing -- P13. Audio & video equipment, leisure activites -- P14. Household & personal appliances, etc. -- P15. Breakfast foods, bread & dairy products -- P16. Desserts, snacks, beverages -- P17. Fruits, vegetables, seasonings, soups, etc. -- P18. Meat, prepared meals, paper products -- P19. Household cleaning products, grocery shopping -- P20. Pet & baby products -- Index -- P-S Product summary -- Code book. 
650 0 |a Mass media  |z United States  |v Statistics. 
650 0 |a Market surveys  |z United States  |v Statistics. 
650 0 |a Marketing research  |z United States  |v Statistics. 
650 0 |a Consumers  |z United States  |v Statistics. 
650 6 |a Études de marché  |z États-Unis  |v Statistiques. 
650 6 |a Marketing  |x Recherche  |z États-Unis  |v Statistiques. 
650 6 |a Consommateurs  |z États-Unis  |v Statistiques. 
650 7 |a Consumers.  |2 fast  |0 (OCoLC)fst00876410 
650 7 |a Market surveys.  |2 fast  |0 (OCoLC)fst01010149 
650 7 |a Marketing research.  |2 fast  |0 (OCoLC)fst01010284 
650 7 |a Mass media.  |2 fast  |0 (OCoLC)fst01011219 
651 7 |a United States.  |2 fast  |0 (OCoLC)fst01204155  |1 https://id.oclc.org/worldcat/entity/E39PBJtxgQXMWqmjMjjwXRHgrq 
655 7 |a Statistics.  |2 fast  |0 (OCoLC)fst01423727 
948 |h HELD BY TXA - 0 OTHER HOLDINGS 
994 |a Z0  |b TXA 
999 f f |s 4ee7f808-8f8e-34be-823f-690601b792e5  |i 21a9ee10-d1c3-33c8-af28-ef0070bff4dd  |t 0 
952 f f |p ric  |a Texas A&M University  |b Rellis Campus  |c Joint Library Facility  |s JLF  |d Remote Storage  |t 0  |e HF5415.3 .M74 1986  |h Library of Congress classification  |i unmediated -- volume  |k v.18  |m A14811532033 
952 f f |p ric  |a Texas A&M University  |b Rellis Campus  |c Joint Library Facility  |s JLF  |d Remote Storage  |t 0  |e HF5415.3 .M74 1986  |h Library of Congress classification  |i unmediated -- volume  |k v.21  |m A14811531752 
952 f f |p ric  |a Texas A&M University  |b Rellis Campus  |c Joint Library Facility  |s JLF  |d Remote Storage  |t 0  |e HF5415.3 .M74 1986  |h Library of Congress classification  |i unmediated -- volume  |k v.17  |m A14811532130 
952 f f |p ric  |a Texas A&M University  |b Rellis Campus  |c Joint Library Facility  |s JLF  |d Remote Storage  |t 0  |e HF5415.3 .M74 1986  |h Library of Congress classification  |i unmediated -- volume  |k v.1  |m A14811532287 
952 f f |p ric  |a Texas A&M University  |b Rellis Campus  |c Joint Library Facility  |s JLF  |d Remote Storage  |t 0  |e HF5415.3 .M74 1986  |h Library of Congress classification  |i unmediated -- volume  |k v.11  |m A14811532300 
952 f f |p ric  |a Texas A&M University  |b Rellis Campus  |c Joint Library Facility  |s JLF  |d Remote Storage  |t 0  |e HF5415.3 .M74 1986  |h Library of Congress classification  |i unmediated -- volume  |k v.8  |m A14811531833 
952 f f |p ric  |a Texas A&M University  |b Rellis Campus  |c Joint Library Facility  |s JLF  |d Remote Storage  |t 0  |e HF5415.3 .M74 1986  |h Library of Congress classification  |i unmediated -- volume  |k v.19  |m A14811532180 
952 f f |p ric  |a Texas A&M University  |b Rellis Campus  |c Joint Library Facility  |s JLF  |d Remote Storage  |t 0  |e HF5415.3 .M74 1986  |h Library of Congress classification  |i unmediated -- volume  |k v.3  |m A14811531930 
952 f f |p ric  |a Texas A&M University  |b Rellis Campus  |c Joint Library Facility  |s JLF  |d Remote Storage  |t 0  |e HF5415.3 .M74 1986  |h Library of Congress classification  |i unmediated -- volume  |k v.13  |m A14811532009 
952 f f |p ric  |a Texas A&M University  |b Rellis Campus  |c Joint Library Facility  |s JLF  |d Remote Storage  |t 0  |e HF5415.3 .M74 1986  |h Library of Congress classification  |i unmediated -- volume  |k Index  |m A14811531948 
952 f f |p ric  |a Texas A&M University  |b Rellis Campus  |c Joint Library Facility  |s JLF  |d Remote Storage  |t 0  |e HF5415.3 .M74 1986  |h Library of Congress classification  |i unmediated -- volume  |k v.2  |m A14811531980 
952 f f |p ric  |a Texas A&M University  |b Rellis Campus  |c Joint Library Facility  |s JLF  |d Remote Storage  |t 0  |e HF5415.3 .M74 1986  |h Library of Congress classification  |i unmediated -- volume  |k v.23  |m A14811531702 
952 f f |p ric  |a Texas A&M University  |b Rellis Campus  |c Joint Library Facility  |s JLF  |d Remote Storage  |t 0  |e HF5415.3 .M74 1986  |h Library of Congress classification  |i unmediated -- volume  |k v.5  |m A14811532237 
952 f f |p ric  |a Texas A&M University  |b Rellis Campus  |c Joint Library Facility  |s JLF  |d Remote Storage  |t 0  |e HF5415.3 .M74 1986  |h Library of Congress classification  |i unmediated -- volume  |k v.15  |m A14811531906 
952 f f |p ric  |a Texas A&M University  |b Rellis Campus  |c Joint Library Facility  |s JLF  |d Remote Storage  |t 0  |e HF5415.3 .M74 1986  |h Library of Congress classification  |i unmediated -- volume  |k v.6  |m A14811531786 
952 f f |p ric  |a Texas A&M University  |b Rellis Campus  |c Joint Library Facility  |s JLF  |d Remote Storage  |t 0  |e HF5415.3 .M74 1986  |h Library of Congress classification  |i unmediated -- volume  |k v.22  |m A14811532156 
952 f f |p ric  |a Texas A&M University  |b Rellis Campus  |c Joint Library Facility  |s JLF  |d Remote Storage  |t 0  |e HF5415.3 .M74 1986  |h Library of Congress classification  |i unmediated -- volume  |k v.4  |m A14811531736 
952 f f |p ric  |a Texas A&M University  |b Rellis Campus  |c Joint Library Facility  |s JLF  |d Remote Storage  |t 0  |e HF5415.3 .M74 1986  |h Library of Congress classification  |i unmediated -- volume  |k v.16  |m A14811531883 
952 f f |p ric  |a Texas A&M University  |b Rellis Campus  |c Joint Library Facility  |s JLF  |d Remote Storage  |t 0  |e HF5415.3 .M74 1986  |h Library of Congress classification  |i unmediated -- volume  |k v.12  |m A14851101973 
952 f f |p ric  |a Texas A&M University  |b Rellis Campus  |c Joint Library Facility  |s JLF  |d Remote Storage  |t 0  |e HF5415.3 .M74 1986  |h Library of Congress classification  |i unmediated -- volume  |k v.14  |m A14811532106 
952 f f |p ric  |a Texas A&M University  |b Rellis Campus  |c Joint Library Facility  |s JLF  |d Remote Storage  |t 0  |e HF5415.3 .M74 1986  |h Library of Congress classification  |i unmediated -- volume  |k v.20  |m A14811532203 
952 f f |p ric  |a Texas A&M University  |b Rellis Campus  |c Joint Library Facility  |s JLF  |d Remote Storage  |t 0  |e HF5415.3 .M74 1986  |h Library of Congress classification  |i unmediated -- volume  |k v.9  |m A14811531639 
952 f f |p ric  |a Texas A&M University  |b Rellis Campus  |c Joint Library Facility  |s JLF  |d Remote Storage  |t 0  |e HF5415.3 .M74 1986  |h Library of Congress classification  |i unmediated -- volume  |k v.7  |m A14811531689 
952 f f |p ric  |a Texas A&M University  |b Rellis Campus  |c Joint Library Facility  |s JLF  |d Remote Storage  |t 0  |e HF5415.3 .M74 1986  |h Library of Congress classification  |i unmediated -- volume  |k v.10  |m A14811532059